[Event "Summer Cup"]
[Site "Wellington Chess Club"]
[Date "2014.03.13"]
[Round "5"]
[White "Ker, Anthony"]
[Black "Pomeroy, Arthur"]
[Result "1/2-1/2"]
[WhiteElo "2423"]
[BlackElo "2115"]

{Anthony Ker didn't have things all his own way, as Arthur Pomeroy staged a
successful fightback} 1. d4 {Whoaa, what's going on. Last seen from Anthony
many years ago. Is Anthony taking Mike Steadman's advice in NZ Chess ("Anthony
needs to rework his openings") on board ?} 1... Nf6 2. c4 g6 3. Nc3 Bg7 4. e4
d6 5. h3 O-O 6. Bg5 c5 7. d5 b5 8. cxb5 a6 9. bxa6 Bxa6 10. Bxa6 Nxa6 {The
position has taken on a Benko flavour} 11. Nge2 Qb6 12. Rb1 Rfb8 13. O-O Rb7
14. Qd2 Qb4 15. Qd3 Qa5 16. Nc1 Qc7 17. Qe2 Qb8 18. Nd3 Nd7 19. Rfc1 Ne5 20.
Nxe5 Bxe5 21. Be3 Nc7 22. b3 Nb5 23. Nxb5 Rxb5 24. Rc2 Qb7 25. Rd1 Rb4 26. f4
Bf6 {#Diagram} 27. e5 {Thematic, and with a drop of poison to boot.} 27... dxe5
$2 {Falling into a trap} 28. fxe5 Bxe5 29. Bxc5 {With a double attack, White
wins the exchange } 29... Bd6 30. Bxb4 Qxb4 31. Qc4 Qb6+ 32. Qd4 Qb7 33. Rdc1
f6 34. Qe4 Be5 35. b4 Ra3 36. Qc4 Qa7+ 37. Kh1 Qe3 $5 {Arthur, raging against
the dying of the light, is now getting some serious counterplay} 38. Qc8+ $2 (
{The computer suggests that the only winning plan now is} 38. d6+ Kg7 39. Re2
Qg3 40. Rxe5 Qxe5 41. dxe7 Qxe7 {and the two remote passed pawns should prevail
in the long run} ) 38... Kg7 39. Qg4 Bd6 40. Rc6 {Black has fantastic
co-ordination} 40... h5 41. Qd1 Rxa2 42. Qg1 Qe4 43. b5 Qxd5 44. b6 Rb2 45.
R6c2 Rb3 46. Rc3 Rb5 47. Rd1 Qe5 48. Re3 Qc5 {Black retains his nice
co-ordination and is collecting the b pawn for nominal material equality (or
even a little more according to some text books) but White's extra major piece
in this wide open position means there is no realistic prospect of a Black win,
a draw looks like the fair result.} 1/2-1/2

[Event "Summer Cup"]
[Site "Wellington Chess Club"]
[Date "2014.03.13"]
[Round "5"]
[White "List, Robert"]
[Black "Wight, Joshua"]
[Result "1-0"]
[WhiteElo "1670"]
[BlackElo "1253"]

1. e4 e5 2. Nf3 Nc6 3. d4 f6 4. Bc4 d6 5. Be3 b6 6. Nc3 Bb7 7. Qd2 Qd7 8. Bb5
a6 9. Ba4 b5 10. Bb3 Nge7 11. a3 Nd8 12. O-O c6 13. dxe5 fxe5 14. Rad1 Ng6 15.
Bc5 d5 16. Bxf8 Nxf8 17. exd5 cxd5 18. Nxd5 Qf5 19. Nxe5 Nfe6 20. Rfe1 Bxd5 21.
Qxd5 Rc8 22. Qd7+ 1-0

[Event "Summer Cup"]
[Site "Wellington Chess Club"]
[Date "2014.03.13"]
[Round "5"]
[White "Meyer, Marany"]
[Black "Rossiter, Philip"]
[Result "0-1"]
[WhiteElo "2062"]
[BlackElo "1835"]

{Philip Rossiter put Marany Meyer under pressure and this eventually led to a
serious slip.} 1. e4 Nf6 2. Nc3 e5 3. Nf3 Nc6 4. Bc4 Bb4 5. O-O O-O 6. Re1 d6
7. a3 Ba5 8. d3 h6 9. h3 Qe7 10. Be3 Bb6 11. Ne2 Bxe3 12. fxe3 Be6 13. Nd2 d5
14. exd5 Nxd5 15. Ng3 Rad8 16. Kh2 Kh8 17. Nf3 f5 18. Bxd5 Bxd5 19. e4 fxe4 20.
Nxe4 Qf7 21. c3 Qf4+ 22. Kh1 g5 23. Qc2 g4 24. hxg4 Qxg4 25. c4 Qh5+ 26. Nh2
Nd4 27. Qd1 Qxd1 28. Raxd1 Bc6 29. Ng4 Rf5 30. Rf1 Rdf8 31. Ng3 Rxf1+
{#Diagram} 32. Rxf1 $2 {Natural but fatal} 32... Rg8 33. Nxe5 Rxg3 34. Nxc6
Nxc6 35. Rf7 Rxd3 36. Rxc7 Rb3 37. Rd7 Rxb2 38. Kg1 Ne5 39. Rd8+ Kg7 40. c5 Kg6
0-1

[Event "Summer Cup"]
[Site "Wellington Chess Club"]
[Date "2014.03.13"]
[Round "5"]
[White "Nicholls, Alistair"]
[Black "Konakanchi, Karthik"]
[Result "1-0"]
[WhiteElo "1848"]
[BlackElo "1235"]

{Al Nicholls had a lot of fun versus Kartik Konakanchi.} 1. e4 e5 2. f4 f6
{Joshua Wight is also strangely fond of an early f6 in 1.e4 e5 games. I think
Scott should explain that this is really not a good idea! } 3. fxe5 fxe5 4.
Qh5+ Ke7 5. Qxe5+ Kf7 6. Bc4+ Kg6 7. Qf5+ Kh6 8. d4+ g5 9. h4 d5 10. hxg5+ Kg7
11. Qe5+ Kf7 12. Bxd5+ Kg6 13. Qxh8 Qe7 14. Qxg8+ Qg7 {#Diagram} 15. Rh6# 1-0

[Event "Summer Cup"]
[Site "Wellington Chess Club"]
[Date "2014.03.13"]
[Round "5"]
[White "Nyberg, Michael"]
[Black "Dive, Russell"]
[Result "0-1"]
[WhiteElo "2021"]
[BlackElo "2441"]

{Russell Dive followed last weeks elegant and lovely Black win, with, well
another elegant and lovely Black win.} 1. d4 Nf6 2. Nf3 b6 3. Bf4 Ba6 4. Nbd2
d5 5. h3 e6 6. c3 Bd6 7. Ne5 O-O 8. g4 c5 9. Bg2 Qc7 10. Rc1 Nc6 11. Qa4 Bb7
12. Ndf3 Ne4 13. Bh2 f6 14. Nxc6 Bxc6 15. Bxd6 Qxd6 16. Qb3 {#Diagram} 16... h5
$5 {In some circles Russell has the reputation of being solely a ruthless
technician. Such circles have it wrong, anyone who plays through all the
Wellington club games sees plenty of examples of fantastically imaginative play
in his practice.} 17. gxh5 Qf4 {Nimzovich would love this manoevre, relocating
the queen to the kingside where it will hurt White where it counts most.} 18.
e3 Qh6 19. Qd1 Be8 20. h4 Bxh5 {#Diagram White's position is awkward, how can
he unravel?} 21. Bh3 $2 {Seems plausible but...} 21... f5 $1 {Wins, the pinned
knight cannot escape the additional attacker brooding on f8.} 22. Rg1 f4 23.
Bg4 fxe3 {Black has too many threats, large clumps of material are falling
off.} 0-1

[Event "Summer Cup"]
[Site "Wellington Chess Club"]
[Date "2014.03.13"]
[Round "5"]
[White "Roberts, Michael"]
[Black "Timergazi, Layla"]
[Result "0-1"]
[WhiteElo "1814"]
[BlackElo "1952"]

{Layla happily joined in the greed is good theme.} 1. e4 c6 2. d4 d5 3. e5 c5
4. c3 Nc6 5. Nf3 Bg4 6. Be2 e6 7. O-O Nge7 8. h3 Bxf3 9. Bxf3 Nf5 10. Be3 cxd4
11. cxd4 Qb6 {#Diagram Black is already assured of a material advantage} 12.
Nd2 Nfxd4 13. Nb3 Nxf3+ 14. Qxf3 Qc7 15. Qg3 Qxe5 16. Bf4 Qxb2 17. Bd6 Be7 18.
Nc5 O-O 19. Rfb1 Qd4 20. Rd1 Bxd6 21. Qxd6 Qe5 22. Qd7 Rab8 23. Nxb7 Rbc8 24.
Nd6 Rcd8 0-1

[Event "Summer Cup"]
[Site "Wellington Chess Club"]
[Date "2014.03.13"]
[Round "5"]
[White "Sellen, Ian"]
[Black "Forster, Bill"]
[Result "0-1"]
[WhiteElo "2112"]
[BlackElo "2054"]

{The theme for my game with Ian Sellen was "Greed is Good". Gordon Gecko would
have approved.} 1. c4 g6 2. g3 Bg7 3. Nc3 d6 4. Bg2 e5 5. d3 f5 6. f4 Nh6 7.
Nf3 Nf7 8. O-O O-O 9. e4 Nd7 10. exf5 gxf5 11. Ng5 $1 {This move is awkward to
deal with. I spent an age here but didn't find anything satisfactory.} 11...
Nxg5 12. fxg5 c6 13. Be3 Rf7 {At least I have a plan N-d7-f8-g6, Q-f8, B-e6 and
Ra8-e8 with full protection of my phalanx. How many moves is that though ?} 14.
d4 $6 {Since Black needs so many moves, there was no need to rush to open the
position, Black now gets counterplay} 14... Qb6 15. Na4 Qb4 16. Rc1 {#Diagram}
16... Nb6 $1 {I was very fortunate to have this strong equalizer available. My
queen was in a little bit of bother}  ( {I planned} 16... exd4 17. Bxd4 Bxd4+
18. Qxd4 Qxa4 {winning a pawn but just in time I saw the sneaky 17.Bd2 winning
my queen and realised that forcing White to win was not the best idea! Bd2 is
actually a big threat.} ) 17. Nxb6 axb6 {#Diagram An interesting position, how
should White defend his queenside?} 18. Qh5 $6 {Ian decides to sacrifice the
queenside and force mate! I salute his courage and strength.} 18... Rxa2 19. g6
hxg6 20. Qxg6 Qxb2 {A reliable rule is that a Queen by itself does not
constitute a winning attack. White's problem is that it takes too long to bring
up reserves.} 21. Rf2 Qa3 22. Re1 ( {I was hoping for} 22. Rxa2 $4 Qxe3+) 22...
Rxf2 (22... Qc3 $1 {was trickier and better} ) 23. Bxf2 e4 $1 {A very important
move, keeping the White reinforcements in their barracks} 24. h4 {Even adding a
pawn to the attack is dangerous for Black} 24... d5 $2 {The only non-greedy
move I made in the game is a mistake} 25. h5 $2 {White should take his chance
to escape into an ending just one pawn down}  ( {I expected} 25. cxd5 Rf6 26.
Qe8+ Qf8 27. Qxf8+ Bxf8 28. dxc6 bxc6 {with the hope rather than the
expectation of an endgame win.} ) 25... Rf6 26. Qg5 dxc4 $1 {I resume my grab
anything not nailed down policy} 27. Be3 Qd6 28. Ra1 Kh7 29. Qf4 Qxf4 30. Bxf4
Rf8 31. Ra8 Bxd4+ {For some reason I really wanted a fourth pawn.} 32. Kf1 Bg7
33. Bh3 Be6 34. Ra7 Rf7 35. Ke2 Rd7 0-1

[Event "Summer Cup"]
[Site "Wellington Chess Club"]
[Date "2014.03.13"]
[Round "5"]
[White "Tionko, Efrain"]
[Black "Theodosiou, Andreas"]
[Result "1-0"]
[WhiteElo "1966"]
[BlackElo "1374"]

1. c4 Nf6 2. g3 e5 3. Bg2 c6 4. d4 Bb4+ 5. Bd2 Bxd2+ 6. Qxd2 d6 7. dxe5 dxe5 8.
Qxd8+ Kxd8 9. Nf3 Nbd7 10. Nc3 Ke7 11. O-O h6 12. b4 a6 13. a4 e4 14. Nd2 c5
15. bxc5 Nxc5 16. Ndxe4 Ncxe4 17. Nxe4 Nxe4 18. Bxe4 f5 19. Bg2 Rb8 20. Rab1
Bd7 21. Rxb7 Rxb7 22. Bxb7 Bxa4 23. Bxa6 Ra8 24. Bb5 Bxb5 25. cxb5 Kd6 26. Rb1
Rb8 27. Kg2 Kc5 28. Kf3 Rxb5 29. Rxb5+ Kxb5 30. e4 fxe4+ 31. Kxe4 Kc6 32. Kf5
g5 33. Kg6 Kd5 34. Kxh6 Ke4 35. Kxg5 Kf3 36. h4 1-0

[Event "Summer Cup"]
[Site "Wellington Chess Club"]
[Date "2014.03.14"]
[Round "5"]
[White "Cunningham, Patrick"]
[Black "Stracy, Don"]
[Result "0-1"]
[WhiteElo "1783"]
[BlackElo "1870"]

1. e4 c5 2. Nf3 e6 3. d4 cxd4 4. Nxd4 Nf6 5. Nc3 Nc6 6. Nxc6 bxc6 7. Bd3 d5 8.
O-O Be7 9. exd5 cxd5 10. Bg5 O-O 11. Qe2 Bd7 12. Rfe1 Rb8 13. Rab1 Re8 14. h4
Bc6 15. Nb5 Bxb5 16. Bxb5 Nd7 17. c4 Bxg5 18. hxg5 dxc4 19. Qxc4 Nb6 20. Qc6
Qxg5 21. Bd3 Rec8 22. Qe4 g6 23. Rbd1 Qd5 24. Qf4 Qxa2 25. Ra1 Qxb2 26. Rxa7
Qg7 27. Rxe6 Nd5 28. Qe5 Rc1+ 29. Bf1 Qxe5 30. Rxe5 Rbb1 31. Rxd5 Rxf1+ 32. Kh2
Rxf2 33. Rd8+ Kg7 34. Raa8 Rbb2 35. Rg8+ Kh6 36. Ra3 Rxg2+ 37. Kh3 Rh2+ 38. Kg3
Rbg2+ 39. Kf3 Rh3+ 40. Kxg2 Rxa3 41. Rf8 Kg7 42. Rb8 h5 43. Rb6 Re3 44. Kf2 Re6
45. Rb4 Rf6+ 46. Kg3 g5 47. Rb5 Kg6 48. Rb8 Kg7 49. Rb5 Rg6 50. Rf5 f6 51. Ra5
Kh6 52. Ra8 Rg7 53. Ra6 Kg6 54. Ra8 h4+ 55. Kh3 f5 56. Ra6+ Kh5 57. Rf6 g4+ 58.
Kg2 Kg5 59. Rf8 f4 60. Ra8 h3+ 61. Kh2 Rg6 62. Ra5+ Kh4 63. Rf5 g3+ 64. Kg1 Kg4
65. Rf8 Kf3 66. Kh1 g2+ 0-1

[Event "Summer Cup"]
[Site "Wellington Chess Club"]
[Date "2014.03.20"]
[Round "6"]
[White "Aumeier, Beate"]
[Black "Wight, Joshua"]
[Result "0-1"]
[WhiteElo "995"]
[BlackElo "1253"]

1. e4 e5 2. Nf3 Nc6 3. Bc4 d6 4. h3 g6 5. d4 Bg7 6. d5 Na5 7. Be2 b6 8. b4 Nb7
9. c3 Ne7 10. O-O O-O 11. a4 c6 12. Bc4 cxd5 13. exd5 a5 14. Be3 axb4 15. cxb4
e4 16. Bd4 exf3 17. Bxg7 fxg2 18. Bxf8 gxf1=Q+ 19. Kxf1 Qxf8 20. Qf3 Nf5 21.
Nc3 Bd7 22. Bd3 Qc8 23. Bxf5 Bxf5 24. h4 Qc4+ 25. Ne2 Qxh4 26. Ng1 Qxb4 27. Re1
Qxa4 28. Ne2 Re8 29. Ng3 Rxe1+ 30. Kxe1 Qg4 31. Qe3 Qb4+ 32. Kf1 Qc4+ 33. Kg1
Qxd5 34. Qe8+ Kg7 35. Nxf5+ Qxf5 36. Qe3 b5 37. Qc3+ Qe5 0-1

[Event "Summer Cup"]
[Site "Wellington Chess Club"]
[Date "2014.03.20"]
[Round "6"]
[White "Bennett, Ezra"]
[Black "Roberts, Michael"]
[Result "0-1"]
[WhiteElo "860"]
[BlackElo "1814"]

1. d4 Nf6 2. Bf4 g6 3. Nf3 Bg7 4. Nc3 d6 5. e3 Nbd7 6. Bd3 O-O 7. e4 c5 8. e5
Nh5 9. Bg3 Nxg3 10. hxg3 cxd4 11. Ne4 Nxe5 12. Nfg5 h6 13. f4 Nxd3+ 14. Qxd3
hxg5 15. Nxg5 Bf5 16. Qf1 Qa5+ 17. Kd1 Rac8 18. Rc1 Qa4 19. Rh2 Bxc2+ 20. Kd2
Qb4+ 21. Ke2 Qc4+ 22. Kf2 Qxf1+ 23. Rxf1 d3 24. Nf3 Bxb2 25. Ke3 Kg7 26. Ne1
Bc1+ 27. Kd4 d2 28. Nxc2 Rxc2 29. a4 Rfc8 30. Kd5 R8c5+ 31. Kd4 Bb2+ 32. Ke3
Rc1 33. Kxd2 Rxf1 34. Ke3 Ra1 35. a5 Ra3+ 36. Kd2 Bd4 37. Kd1 Ra2 0-1

[Event "Summer Cup"]
[Site "Wellington Chess Club"]
[Date "2014.03.20"]
[Round "6"]
[White "Cunningham, Patrick"]
[Black "Farrington, Lawrence"]
[Result "0-1"]
[WhiteElo "1783"]
[BlackElo "1721"]

1. e4 e6 2. d4 d5 3. Bd3 dxe4 4. Bxe4 Nf6 5. Bf3 c5 6. Ne2 Be7 7. O-O O-O 8.
Be3 cxd4 9. Nxd4 a6 10. Nc3 Qc7 11. Qe2 Nc6 12. Nxc6 bxc6 13. Rfd1 Nd5 14. Ne4
Nxe3 15. Qxe3 Bb7 16. Nc5 Rfd8 17. Nxb7 Qxb7 18. Qc3 Rac8 19. Rxd8+ Bxd8 20.
Rd1 Bf6 21. Qa5 g6 22. b3 Qb5 23. Qe1 c5 24. a4 Qb4 25. Qe2 a5 26. h3 Bd4 27.
Rd3 Qb8 28. Qd2 Qb6 29. c3 Bf6 30. Qd1 c4 31. bxc4 Rxc4 32. Rd6 Qb8 33. Rd7 Rc8
34. Rb7 Qe5 35. Rxf7 Rd8 36. Rd7 Rxd7 37. Qxd7 Qe1+ 38. Kh2 Be5+ 39. g3 Qxf2+
40. Bg2 Bxg3+ 41. Kh1 Qe1+ 0-1

[Event "Summer Cup"]
[Site "Wellington Chess Club"]
[Date "2014.03.20"]
[Round "6"]
[White "Nicholls, Alistair"]
[Black "Meyer, Marany"]
[Result "1/2-1/2"]
[WhiteElo "1848"]
[BlackElo "2062"]

1. e4 d6 2. d4 Nf6 3. Nc3 g6 4. f4 Bg7 5. Nf3 O-O 6. Be2 c6 7. O-O b5 8. e5
Nfd7 9. Ne4 d5 10. Neg5 Nb6 11. Qe1 f6 {#Diagram} 12. Qh4 $5 {A brave
positional piece sac} 12... fxg5 13. Nxg5 h6 14. Nf3 a5 15. g4 e6 16. Qh3 Bd7
17. Bd3 Be8 18. Nh4 {White's sac is now fully justified} 18... N6d7 19. Nxg6 c5
20. g5 $1 {I like this move why swap the mighty knight for a mere cowering
rook?} 20... Bxg6 21. Bxg6 Qe7 22. gxh6 {#Diagram I happened to glance at the
board here and I didn't think Marany had much chance of survival!} 22... Bxh6
23. Qxh6 {Alistair beats himself up for this natural, very human move and it's
true the comp sees that taking two moves to get a rook to the g file is instant
death.  I think a lot of very strong players would just play the queen capture
quickly, after all White is totally winning after that too. (AN: greedy but I
had no idea there was a better move - I have soooo much to learn!)}  ( {AN:}
23. Rf2 $3 {AN: +10.45 killing... } 23... Ra6 24. Rg2 Qg7 25. Bd3 Kf7 26. Rxg7+
Bxg7 27. Qh5+ Ke7 28. dxc5 Rc6 29. Qg5+ Bf6 30. exf6+ Nxf6 31. Be3 Rg8 32. Bg6
Nd7 33. Bd4 Rxc5 34. Re1) 23... Qg7 24. Qg5 $2 ( {If it was me, I would beat
myself up more for missing the simple, logical and crushing} 24. f5 $1 {here} )
24... Nc6 25. Kh1 Ne7 26. Rg1 Nxg6 27. Qxg6 Qxg6 28. Rxg6+ Kf7 29. Rg5 cxd4
{Black now gets enough play to equalise} 30. Bd2 Rh8 31. Rag1 Rh7 32. Kg2 Nc5
33. Be1 Ne4 {#Diagram Make that more than equalise} 34. Rg4 Rc8 35. c3 dxc3 36.
bxc3 Nxc3 37. Bxc3 Rxc3 38. Kh1 b4 39. R1g3 Rc2 40. Rg2 Rc1+ 41. Rg1 Rc2
{Marany decides she has got out of jail free, so why push her luck even though
the ending is obviously better for Black}  ( {AN: +2.32 Black takes charge!}
41... Rxg1+ 42. Rxg1 Rh4 43. Rf1 Kg6 44. f5+ exf5 45. Kg2 Re4 {wins.} ) 42.
R1g2 Rc1+ 43. Rg1 Rc2 44. R1g2 1/2-1/2

[Event "Summer Cup"]
[Site "Wellington Chess Club"]
[Date "2014.03.20"]
[Round "6"]
[White "Pomeroy, Arthur"]
[Black "Timergazi, Layla"]
[Result "0-1"]
[WhiteElo "2115"]
[BlackElo "1952"]

1. e4 c6 2. d4 d5 3. e5 c5 4. dxc5 Nc6 5. Nf3 Bg4 6. Be3 Bxf3 7. Qxf3 Nxe5 8.
Qg3 Nc6 9. c3 Nf6 10. Nd2 e5 11. Bb5 Qc7 12. O-O O-O-O 13. Bxc6 bxc6 14. b4 h5
15. Bg5 Be7 16. Rfe1 e4 17. Bf4 Qd7 18. f3 Qf5 19. fxe4 dxe4 20. Nc4 h4 21. Ne3
Qe6 22. Qf2 Rd3 23. Qc2 Nh5 24. Bd6 Bxd6 25. cxd6 Qxd6 26. Qa4 Qc7 27. Nc4 h3
28. Rxe4 hxg2 29. Ne5 Qb6+ 30. Kxg2 Rd2+ 0-1

[Event "Summer Cup"]
[Site "Wellington Chess Club"]
[Date "2014.03.20"]
[Round "6"]
[White "Rossiter, Philip"]
[Black "Sellen, Ian"]
[Result "1/2-1/2"]
[WhiteElo "1835"]
[BlackElo "2112"]

1. d4 e6 2. c4 d5 3. Nc3 Nf6 4. Bg5 Be7 5. e3 h6 6. Bh4 O-O 7. Bd3 b6 8. cxd5
exd5 9. Nf3 Nbd7 10. Rc1 Bb7 11. O-O c5 12. Qe2 Ne4 13. Bxe7 Nxc3 14. Rxc3 Qxe7
15. dxc5 Nxc5 16. Nd4 Rac8 17. Rfc1 Ne4 18. Rxc8 Rxc8 19. Rxc8+ Bxc8 1/2-1/2

[Event "Summer Cup"]
[Site "Wellington Chess Club"]
[Date "2014.03.20"]
[Round "6"]
[White "Stoeveken, Peter"]
[Black "List, Robert"]
[Result "0-1"]
[WhiteElo "1861"]
[BlackElo "1670"]

1. d4 e6 2. e4 d5 3. e5 c5 4. Nf3 cxd4 5. Nxd4 Bd7 6. Bd3 Bc5 7. Qg4 Bxd4 8.
Qxg7 Bxe5 9. Qxe5 Qf6 10. Qc7 Bc6 11. Nc3 Ne7 12. h4 Nd7 13. Bg5 Qe5+ 14. Qxe5
Nxe5 15. O-O-O Nd7 16. Rhe1 h6 17. Bxe7 Kxe7 18. Bb5 Nb6 19. f4 Rhg8 20. Re2
Rac8 21. Rd4 Rg4 22. h5 Rh4 23. Bd3 Rxh5 24. f5 Rh1+ 25. Kd2 Rg8 {Can't read
the rest, sorry. Black won} 0-1

[Event "Summer Cup"]
[Site "Wellington Chess Club"]
[Date "2014.03.20"]
[Round "6"]
[White "Stracy, Don"]
[Black "Aldridge, Alan"]
[Result "1/2-1/2"]
[WhiteElo "1870"]
[BlackElo "1964"]

1. e4 e5 2. Nf3 Nc6 3. Bb5 a6 4. Ba4 Nf6 5. O-O Be7 6. Re1 b5 7. Bb3 O-O 8. a4
Bb7 9. d3 h6 10. Nc3 bxa4 11. Bxa4 d6 12. Ne2 Nh7 13. Ng3 Ng5 14. c3 Nxf3+ 15.
Qxf3 Bg5 16. Qg4 Bxc1 17. Raxc1 Ne7 18. d4 Ng6 19. Nf5 Bc8 20. dxe5 Bxf5 21.
exf5 Nxe5 22. Qe4 Rb8 23. f4 Ng4 24. Qf3 Nf6 25. Re2 1/2-1/2

[Event "Summer Cup"]
[Site "Wellington Chess Club"]
[Date "2014.03.20"]
[Round "6"]
[White "Theodosiou, Andreas"]
[Black "Konakanchi, Karthik"]
[Result "1-0"]
[WhiteElo "1374"]
[BlackElo "1235"]

1. e4 e5 2. Nf3 Nc6 3. d4 exd4 4. Nxd4 Nxd4 5. Qxd4 Nf6 6. Nc3 b6 7. Bg5 Bc5 8.
Qe5+ Qe7 9. Bxf6 gxf6 10. Qxc7 Bd4 11. O-O-O Bxf2 12. Bb5 a6 13. Nd5 Qxe4 {
That can't be right. White won} 1-0

[Event "Summer Cup"]
[Site "Wellington Chess Club"]
[Date "2014.03.20"]
[Round "6"]
[White "Van der Hoorn, Mark"]
[Black "Jackson, Ross"]
[Result "1-0"]
[WhiteElo "2232"]
[BlackElo "2000"]

1. d4 d5 2. Bf4 Nf6 3. e3 Bg4 4. f3 Bf5 5. Bd3 e6 6. Bxf5 exf5 7. Qd3 Qd7 8.
Ne2 Nc6 9. O-O Nh5 10. Nbc3 Nxf4 11. Nxf4 Ne7 12. e4 dxe4 13. fxe4 O-O-O 14.
Rad1 fxe4 15. Nxe4 Nc6 16. d5 Ne5 17. Qd4 Nc6 18. Qa4 Nb8 19. Qxa7 b6 20. d6
1-0

[Event "Summer Cup"]
[Site "Wellington Chess Club"]
[Date "2014.03.21"]
[Round "6"]
[White "Dive, Russell"]
[Black "Ker, Anthony"]
[Result "1/2-1/2"]
[WhiteElo "2441"]
[BlackElo "2423"]

1. Nf3 d6 2. d4 Bg4 3. c4 Nd7 4. Qb3 Rb8 5. h3 Bxf3 6. Qxf3 g6 7. Qa3 Bg7 8. e3
c5 9. dxc5 Nxc5 10. Be2 a5 11. O-O Nf6 12. Bd2 b6 13. Rd1 O-O 14. Nc3 Qd7 15.
Be1 Rfc8 16. Rac1 h5 17. b3 Nce4 18. Nxe4 Nxe4 19. Rd5 Rc5 20. Rxc5 dxc5 21.
Rd1 Qe8 22. Qc1 Rd8 23. Qc2 Rxd1 24. Bxd1 Qd7 25. Be2 f5 26. a3 Kf7 27. b4 axb4
28. axb4 cxb4 29. Bxb4 Nc5 30. Qb1 e6 31. Be1 Qa7 32. Kf1 Ne4 33. Bd3 Nc5 34.
Be2 1/2-1/2

[Event "Summer Cup"]
[Site "Wellington Chess Club"]
[Date "2014.03.27"]
[Round "7"]
[White "Aldridge, Alan"]
[Black "Rossiter, Philip"]
[Result "1-0"]
[WhiteElo "1964"]
[BlackElo "1835"]

{Alan grabbed an early tactical opportunity, but had to grind for a long time
to eventually collect the point} 1. d4 e6 2. c4 Bb4+ 3. Bd2 a5 4. e4 d6 5. Nf3
Nd7 6. Nc3 Ne7 7. a3 Bxc3 8. Bxc3 Ng6 9. Qd2 b6 10. O-O-O Bb7 11. Bd3 e5 12.
Rhe1 O-O 13. g3 exd4 14. Nxd4 Nge5 15. f4 Nxd3+ 16. Qxd3 Nc5 17. Qc2 Re8 18. e5
d5 19. Nf5 {#Diagram} 19... Qd7 $4 20. Nxg7 $1 {Alan is alert to his
opportunity} 20... Red8 21. Nh5 Qa4 22. Nf6+ Kf8 23. Nxh7+ {Alan misses a few
opportunities to win quickly, but retains and eventually converts his material
advantage} 23... Ke7 24. Qxa4 Nxa4 25. cxd5 Bxd5 26. Nf6 Be6 27. Rxd8 Rxd8 28.
Rd1 Rh8 29. h4 Nc5 30. b4 Nb3+ 31. Kb2 c5 32. Nd5+ Bxd5 33. Rxd5 axb4 34. axb4
c4 35. f5 Rg8 36. Be1 Rg4 37. Bf2 Re4 38. Bxb6 Re2+ 39. Kc3 Rg2 {#Diagram} 40.
f6+ $4 {A really ugly move positionally that almost costs White the win}  (40.
Bd8+ $1 Ke8 41. Bf6 {is one easy way to win} ) 40... Ke6 41. Rb5 Rxg3+ 42. Kxc4
Nd2+ 43. Kd4 Rg4+ 44. Kc3 Ne4+ 45. Kc2 Rxh4 46. Bc7 Rh2+ 47. Kd3 Nf2+ 48. Kc4
Ne4 49. Rb6+ Kd7 50. Bb8 Ng5 {#Diagram} 51. Rd6+ ( {Arthur Pomeroy points out
that} 51. e6+ $1 {is a simple winning shot here. There is some irony in Alan
missing this here as he didn't miss a reflection of exactly the same tactic
with the same bishop and the same pawn early in the game! 20.Nxg7! Kxg7 21.e6+}
) 51... Kc8 52. Rb6 Rc2+ 53. Kb5 Re2 (53... Nf3 $1 {Threatening Nd4+ and Ra2
mate! makes it really tough for White} ) 54. Bd6 Kd7 55. Rb7+ Ke6 56. Kb6 Rc2
57. b5 Ne4 58. Re7+ 1-0

[Event "Summer Cup"]
[Site "Wellington Chess Club"]
[Date "2014.03.27"]
[Round "7"]
[White "Dive, Russell"]
[Black "Van der Hoorn, Mark"]
[Result "1-0"]
[WhiteElo "2441"]
[BlackElo "2232"]

{Russell made short work of Mark van der Hoorn this time out, revenging Mark's
win last year.} 1. Nf3 d5 2. c4 d4 3. d3 g6 4. g3 Bg7 5. Bg2 e5 6. O-O Ne7 7.
Nbd2 O-O 8. Rb1 Nd7 9. b4 {#Diagram I put this diagram here only because of the
next game...} 9... a5 10. a3 axb4 11. axb4 Nb6 12. Qc2 Bd7 13. Nb3 Na4 14. Ra1
Bc6 15. b5 Bd7 16. Nbxd4 Nc5 17. Rxa8 Qxa8 18. Nb3 Qa4 19. Nfd2 e4 20. d4 Nxb3
21. Qxb3 Qa7 22. Nxe4 Bxd4 {#Diagram At first glance White is just a pawn up,
but actually he is winning more material because of Black's loose pieces.} 23.
Ba3 Re8 24. Bb2 $1 {Exchanging the dark bishops gives White's queen and knight
free reign on f6 and other dark squares around the Black king.} 24... Nf5 25.
e3 Rxe4 26. Bxe4 1-0